000 00566nam a2200205Ia 4500
005 20250923150012.0
008 008 250917s9999 xx 000 0 eng d
037 _aTextual
040 _aDSWL
_beng
_cDSWL
041 _aeng
_2eng
084 _aG:55, N93
_qDSWL
100 _aShiva, Vandana
_9841176
245 0 _aMonocultures of the mind
_c by Vandana Shiva
260 _aMalaysia
_b Thirdworld Network Penang
_c1993
300 _a184 p.
365 _aINR
_b295.00
925 _g295.00
942 _cTEXL
_hG:55, N93
999 _c1458375
_d1458375